Nacho y Lolita / (Record no. 171297)

MARC details
000 -CABECERA
campo de control de longitud fija 00613nam a2200205 u 4500
005 - FECHA Y HORA DE LA ÚLTIMA TRANSACCIÓN
campo de control 20230622063530.0
008 - ELEMENTOS DE LONGITUD FIJA--INFORMACIÓN GENERAL
campo de control de longitud fija 140827s2005 ea r 000 0 spa d
020 ## - NÚMERO INTERNACIONAL NORMALIZADO PARA LIBROS
Número Internacional Estándar del Libro 0439764181
035 ## - NÚMERO DE CONTROL DEL SISTEMA
Número de control de sistema UPN01000199196
049 ## - COLECCIÓN
Colección I
050 #4 - SIGNATURA TOPOGRÁFICA DE LA BIBLIOTECA DEL CONGRESO
Número de clasificación PZ76.3
Número de documento/Ítem R9.6
100 1# - ASIENTO PRINCIPAL--NOMBRE PERSONAL
Nombre de persona Ryan, Pam Muñoz,
Fechas asociadas al nombre 1951-
9 (RLIN) 30886
245 10 - MENCIÓN DE TÍTULO
Título Nacho y Lolita /
Mención de responsabilidad, etc. Pam Muñoz Ryan ; il. Claudia Rueda ; tr. Miriam Fabiancic.
260 ## - PUBLICACIÓN, DISTRIBUCIÓN, ETC.
Lugar de publicación, distribución, etc. New York. :
Nombre del editor, distribuidor, etc. Scholastic ,
Fecha de publicación, distribución, etc. 2005.
300 ## - DESCRIPCIÓN FÍSICA
Extensión [37] p. :
Otras características físicas il. col.
650 #7 - ASIENTO SECUNDARIO DE MATERIA - TERMINO TEMATICO
Término de materia o nombre geográfico como elemento de entrada Aves
Subdivisión de forma Cuentos y leyendas
Fuente del encabezamiento o término
9 (RLIN) 4118
650 #4 - ASIENTO SECUNDARIO DE MATERIA - TERMINO TEMATICO
Término de materia o nombre geográfico como elemento de entrada Cuentos infantiles
9 (RLIN) 6744
905 ## - TIPO DE MATERIAL
Tipo de material Infantil
Holdings
Estado de retiro Estado de pérdida Fuente del sistema de clasificación o colocación Estado dañado No para préstamo Código de colección Localización permanente Ubicación/localización actual Ubicación en estantería Fecha de adquisición Total de préstamos Clasificación Código de barras Fecha visto por última vez Número de copia Tipo de ítem Koha
    Library of Congress Classification     Infantil Bib. Gregorio Torres Quintero Bib. Gregorio Torres Quintero Sala infantil Planta baja 10/05/2023 1 PZ76.3 R9.6 298174 31/12/2020 1 Libro